Mestský polyfunkčný komplex Harbour City – Bratislava, Ružinov
Salvato in:
| Autore principale: | |
|---|---|
| Altri autori: | |
| Natura: | Manoscritto Libro |
| Lingua: | slovacco |
| Pubblicazione: |
Bratislava
2019
|
| Soggetti: | |
| Accesso online: | http://is.stuba.sk/zp/portal_zp.pl?podrobnosti=146324 |
| Tags: |
Nessun Tag, puoi essere il primo ad aggiungerne!!
|
MARC
| LEADER | 00000ntm a22000003a 4500 | ||
|---|---|---|---|
| 001 | stuzp72856 | ||
| 003 | SK-STU | ||
| 005 | 20200908090511.6 | ||
| 007 | ta | ||
| 008 | 150427s2015----xo-----f-mn---000-0-slo-d | ||
| 040 | |a STU |b slo | ||
| 041 | 0 | |a slo | |
| 100 | 1 | |a Nacková, Nikola |u 051110 |k Z4 |4 aut |U FAD Fakulta architektúry |T FA Ústav architektúry obytných budov |X 70434 |U A1110 |Y 392 |7 70434 | |
| 242 | 0 | 1 | |a Multifunctional residential complex Harbour City – Bratislava, Ružinov |y eng |
| 245 | 1 | 0 | |a Mestský polyfunkčný komplex Harbour City – Bratislava, Ružinov |
| 260 | |c 2019 |a Bratislava | ||
| 650 | 4 | |a polyfunkčný komplex |2 slo | |
| 650 | 4 | |a industriálne územie |2 slo | |
| 650 | 4 | |a prístav |2 slo | |
| 650 | 4 | |a polyfunctional complex |2 eng | |
| 650 | 4 | |a industrial territory |2 eng | |
| 650 | 4 | |a harbour |2 eng | |
| 700 | 1 | |a Kosnáč, Pavel |u 051110 |k Z8 |4 ths |U FAD Fakulta architektúry |T FA Ústav architektúry obytných budov |X 4204 |U A1110 |Y 392 |7 A000004204 | |
| 856 | 4 | |u http://is.stuba.sk/zp/portal_zp.pl?podrobnosti=146324 |u https://opac.crzp.sk/?fn=detailBiblioForm&sid=9F8942B94996237AABF91EF666DC | |